<?xml version="1.0" encoding="UTF-8"?>
<record
    xmlns:xsi="http://www.w3.org/2001/XMLSchema-instance"
    xsi:schemaLocation="http://www.loc.gov/MARC21/slim http://www.loc.gov/standards/marcxml/schema/MARC21slim.xsd"
    xmlns="http://www.loc.gov/MARC21/slim">

  <leader>02605nam a22002897a 4500</leader>
  <controlfield tag="005">20260513124918.0</controlfield>
  <controlfield tag="008">260508b        |||||||| |||| 00| 0 eng d</controlfield>
  <datafield tag="020" ind1=" " ind2=" ">
    <subfield code="a">9789356939288</subfield>
  </datafield>
  <datafield tag="040" ind1=" " ind2=" ">
    <subfield code="c">AL</subfield>
  </datafield>
  <datafield tag="041" ind1=" " ind2=" ">
    <subfield code="a">English</subfield>
  </datafield>
  <datafield tag="082" ind1=" " ind2=" ">
    <subfield code="a">658.3</subfield>
    <subfield code="b">MAMP</subfield>
  </datafield>
  <datafield tag="100" ind1=" " ind2=" ">
    <subfield code="a">C B Mamoria</subfield>
    <subfield code="9">263896</subfield>
  </datafield>
  <datafield tag="245" ind1=" " ind2=" ">
    <subfield code="a">Personnel management</subfield>
    <subfield code="b">: human  resource principles concepts trends emerging challenges</subfield>
  </datafield>
  <datafield tag="250" ind1=" " ind2=" ">
    <subfield code="a">31</subfield>
  </datafield>
  <datafield tag="260" ind1=" " ind2=" ">
    <subfield code="a">Mumbai</subfield>
    <subfield code="b">Himalaya Publishing House</subfield>
    <subfield code="c">2023</subfield>
  </datafield>
  <datafield tag="300" ind1=" " ind2=" ">
    <subfield code="a">834p.</subfield>
    <subfield code="b">PB</subfield>
    <subfield code="c">28.5x22 cm</subfield>
  </datafield>
  <datafield tag="365" ind1=" " ind2=" ">
    <subfield code="a">6831</subfield>
    <subfield code="b">&#x20B9;800.00</subfield>
    <subfield code="c">&#x20B9;</subfield>
    <subfield code="d">&#x20B9;999.00</subfield>
    <subfield code="e">20%</subfield>
    <subfield code="f">14-03-2026</subfield>
  </datafield>
  <datafield tag="520" ind1=" " ind2=" ">
    <subfield code="a">The revised edition of Personnel Management (Human Resource Principles, Concepts, Trends, Emerging Challenges) has undergone a radical change. Keeping the syllabi needs of UG and PG students pursuing courses in HRM, the contents have been changed. The new topics, case studies, corporate examples, and research inputs would certainly help the students have a firm grip over the discipline and apply the same intelligently when they step into the corporate world.</subfield>
  </datafield>
  <datafield tag="521" ind1=" " ind2=" ">
    <subfield code="a">Contents :
1. Introduction 2. HR: Roles, Policies and The Legal Framework 3. Strategic Human Resource Management 4. Empowerment and Workforce Diversity 5. Downsizing, VRS and Work-Life Balance 6. Total Quality Management, Re-Engineering and HR Outsourcing 7. HR in A Globalised Environment 8. Job Analysis 9. Human Resource Planning 10. Recruitment and Retention 11. Selection and Competency Mapping 12. Placement, Induction and Internal Mobility 13. Employee Separations, Absenteeism and Labour Turnover 14. Employee Training 15. Executive Development 16. Career and Succession Management 17. Job Design, Work Scheduling and Motivation 18. Job Evaluation 19. Performance and Potential Appraisal 20. Compensation Management: Strategic Issues 21. Incentives, Methods of Wage Payment and Fringe Benefits 22. Employee Safety and Health 23. Employee Welfare and Social Security 24. Teams and Team Work 25. Workers&#x2019; Participation in Management 26. Employee Grievances and Discipline 27. Collective Bargaining 28. Trade Unions and Employers&#x2019; Associations 29. Industrial Relations and Industrial Disputes 30. E-HRM, Green HRM, HRA, HRIS and HR Audit 31. Personnel Records and Research 32. International Human Resource Management 33. Contemporary Issues in HRM</subfield>
  </datafield>
  <datafield tag="650" ind1=" " ind2=" ">
    <subfield code="a">Human Resource Management</subfield>
    <subfield code="9">263669</subfield>
  </datafield>
  <datafield tag="650" ind1=" " ind2=" ">
    <subfield code="a">Industrial Relations</subfield>
    <subfield code="9">263670</subfield>
  </datafield>
  <datafield tag="650" ind1=" " ind2=" ">
    <subfield code="a">Employee Management</subfield>
    <subfield code="9">263671</subfield>
  </datafield>
  <datafield tag="650" ind1=" " ind2=" ">
    <subfield code="a">Organizational Behaviour</subfield>
    <subfield code="9">263672</subfield>
  </datafield>
  <datafield tag="650" ind1=" " ind2=" ">
    <subfield code="a">Human Resource Development</subfield>
    <subfield code="9">263673</subfield>
  </datafield>
  <datafield tag="700" ind1=" " ind2=" ">
    <subfield code="a">Rao,VSP</subfield>
    <subfield code="9">263674</subfield>
  </datafield>
  <datafield tag="942" ind1=" " ind2=" ">
    <subfield code="2">ddc</subfield>
    <subfield code="c">BK</subfield>
  </datafield>
  <datafield tag="999" ind1=" " ind2=" ">
    <subfield code="c">241421</subfield>
    <subfield code="d">241421</subfield>
  </datafield>
  <datafield tag="952" ind1=" " ind2=" ">
    <subfield code="0">0</subfield>
    <subfield code="1">0</subfield>
    <subfield code="2">ddc</subfield>
    <subfield code="4">0</subfield>
    <subfield code="7">0</subfield>
    <subfield code="8">MAN</subfield>
    <subfield code="a">AL</subfield>
    <subfield code="b">AL</subfield>
    <subfield code="c">SK</subfield>
    <subfield code="d">2026-03-17</subfield>
    <subfield code="e">Biblios Book Point Surathkal Mangalore 575014</subfield>
    <subfield code="g">800.00</subfield>
    <subfield code="l">0</subfield>
    <subfield code="o">658.3 MAMP</subfield>
    <subfield code="p">078098</subfield>
    <subfield code="r">2026-05-08 15:54:59</subfield>
    <subfield code="v">998.00</subfield>
    <subfield code="w">2026-03-14</subfield>
    <subfield code="y">BK</subfield>
  </datafield>
</record>
